000 01076nam a2200229Ia 4500
001 15304
005 20260417181319.0
008 260306t2014||||xx |||||||||||||| ||und||
041 _aESP
082 _a531.12
_bH441A
100 _aHibbeler, Russell C.
_eAUT
245 0 _aIngeniería mecánica - Estática:
_bpara cursos con enfoque por competencias
260 _c2014
300 _a432 páginas :
_c25 cm.
650 _aGEN
654 _aCCN
856 _uhttps://itmsp.museknowledge.com/UCSP?url=https://www.ebooks7-24.com:443/?il=3816&pg=1
_zVéase además: Mecánica para ingeniería. Estática. Versión digital
856 _uhttps://0u213wxeo-y-https-ebooks7--24-com.itmsp.museknowledge.com/biblioteca.aspx
_zVéase además: Base de datos Ebook7-24
856 _uhttps://0u20fwxew-y-https-research-ebsco-com.itmsp.museknowledge.com/c/qxo6us/search
_zVéase además: Base de datos EBSCOhost
856 _uhttps://0u21dwxeu-y-https-ebooks-editorialmacro-com.itmsp.museknowledge.com/library
_zVéase además: Base de datos Macro Digital
942 _cLIB
_dJUS
_fJUS
_2ddc
999 _c15304
_d15304